| 000 | 00606nam a22002177a 4500 | ||
|---|---|---|---|
| 999 |
_c1300 _d1300 |
||
| 003 | OSt | ||
| 005 | 20210317121807.0 | ||
| 008 | 150330b xxu||||| |||| 00| 0 eng d | ||
| 020 | _a9780702053269 | ||
| 040 | _cDNLM | ||
| 082 |
_aQS4 W357r 2014 _bA |
||
| 100 |
_aWaugh, Anne; Grant, Allison _9226 |
||
| 245 |
_aRoss and Wilson Anatomy & physiology: _bin health and illess |
||
| 250 | _b12th ed | ||
| 260 |
_aEdinburgh; _bChurchill, _c2014 |
||
| 300 |
_axii,509p; _bcol.ill: _c27.5cm |
||
| 504 | _aBibliograph & index icluded | ||
| 650 |
_aAnatomy _9124 |
||
| 650 |
_aPhysiology _9215 |
||
| 942 |
_2z _cO_SHELF |
||